Work and identity in the primary school : a post-fordist analysis

Αποθηκεύτηκε σε:
Λεπτομέρειες βιβλιογραφικής εγγραφής
Κύριος συγγραφέας: Menter, Ian 1949-
Μορφή: Βιβλίο
Γλώσσα:English
Δημοσίευση: Buckinghan : Open University Press, 1997
Θέματα:
Ετικέτες: Προσθήκη ετικέτας
Δεν υπάρχουν, Καταχωρήστε ετικέτα πρώτοι!

MARC

LEADER 00000nam a2200000 i 4500
001 1/78777
008 990430s1997 eng d
020 |a 0-335-19723-X 
035 |l 10050231 
040 |a GR-MY-UA  |b gre  |e aacr 
041 0 |a eng 
082 0 |a 372.100941 
100 1 |a Menter, Ian  |d 1949- 
245 1 0 |a Work and identity in the primary school :  |b a post-fordist analysis /  |c Ian Menter ... [et al.] 
260 |a Buckinghan :   |b Open University Press,   |c 1997 
300 |a 151 p. 
650 0 0 |a Education, Elementary  |z Great Britain  |x Administration. 
650 0 0 |a Education, Elementary  |x Economic aspects  |z Great Britain. 
650 0 0 |a Elementary school teachers  |z Great Britain. 
650 0 0 |a Teacher-administrator relationships  |z Great Britain. 
650 0 0 |a Postmodernism and education  |z Great Britain. 
852 |a INST  |b RHODES  |e 19990430  |h 372.100941 WOR  |p 005400015399  |q 005400015399  |t BK  |y 0 
901 |a BIBL-1999-1 
909 |a Ρ  |b 064858  |c 1999 
922 |a 4ΕΛΗ  |b 199903  |d LEADER